[Event "Buenos Aires Sicilian"]
[Site "Buenos Aires"]
[Date "1994.10.23"]
[Round "9"]
[White "Polgar, Judit"]
[Black "Kamsky, Gata"]
[Result "1-0"]
[WhiteElo "2630"]
[BlackElo "2695"]
[Annotator "Boensch,U"]
[PlyCount "76"]
[EventDate "1994.10.12"]
[EventType "tourn"]
[EventRounds "14"]
[EventCountry "ARG"]
[EventCategory "18"]
[SourceTitle "CBM 044"]
[Source "ChessBase"]
[SourceDate "1995.02.01"]
[SourceVersion "1"]
[SourceVersionDate "1995.02.01"]
[SourceQuality "1"]

1. e4 c5 2. Nf3 Nc6 3. d4 cxd4 4. Nxd4 g6 5. Nc3 Bg7 6. Be3 Nf6 7. Bc4 Qa5 8.
O-O O-O 9. Bb3 d6 10. h3 Bd7 11. f4 Qh5 (11... Rad8 $5 12. Qd3 Nxd4 13. Bxd4
Bc6 14. Rae1 Nd7 15. Bxg7 Kxg7 16. Qd4+ Nf6 17. f5 Qb6 18. Qxb6 axb6 19. g4 g5
$14 {Short,N-Kortschnoj,V Garmisch-Partenkirchen 25' (03) 1994 1/2 32 -EXP 43})
12. Nf3 (12. Qd3 b5 $1 13. Rae1 (13. Ndxb5 Nb4 14. Qc4 a5 {/\ Rac8}) (13. Ncxb5
Nb4 14. Qc4 a5 15. Nc7 Rac8 16. c3 d5 17. exd5 Nbxd5 18. Nxd5 Rxc4 19. Nxe7+
Kh8 20. Bxc4 Qc5 $19) (13. a4 b4 14. Nd5 Nxd5 15. Bxd5 Rac8 16. Nxc6 Bxc6 17.
Bxa7 Bxb2 18. Ra2 Bxd5 19. exd5 Bg7 20. a5 Rc3 $17 {Grabzewski,R-Georgadze,T/
Lublin/1974/}) (13. a3 a6 14. Nf3 Rac8 15. Rad1 Na5 16. e5 dxe5 17. fxe5 Bf5
18. Qd4 Nd7 {De Firmian,N-Whitehead/San Francisco/1977/}) 13... a5 14. a3 (14.
Ndxb5 Nb4 15. Qe2 Qxe2 16. Rxe2 Nxe4 $1 17. Nxe4 Bxb5 18. c4 a4 19. cxb5 axb3
20. axb3 Rfb8 $17) 14... b4 15. Nxc6 (15. axb4 Nxb4 16. Qd2 Rfc8 $36) 15...
Bxc6 (15... bxc3 $2 16. Nxe7+ Kh8 17. e5 dxe5 18. fxe5 Qxe5 19. Bd4 Qg5 20.
Qxc3 $16) 16. axb4 axb4 17. Nd5 Nxd5 18. exd5 (18. Bxd5 Bxd5 19. exd5 Bxb2 20.
Bd2 $17) 18... Bd7 19. Bf2 (19. Bd4 $1 Bb5 20. Bc4 Bxd4+ 21. Qxd4 Bxc4 22. Qxc4
Rfc8 23. Qb3 Ra7 24. Re4 $10) 19... Rfe8 20. Rb1 Qf5 21. Qd2 (21. Qxf5 Bxf5 22.
g4 Be4 23. Rfe1 f5 $17) 21... Ba4 22. g4 $6 (22. Qxb4 Reb8 23. Qd2 Bxb3 24.
cxb3 Rxb3 $17) 22... Qd7 (22... Qe4 23. Rfe1 Qf3 24. Qxb4 Bxb3 25. Qxb3 Qxf4
26. Qe3 Qc4 27. Qe4 $13) 23. Bc4 Rec8 24. Qd3 (24. Qxb4 $2 Rab8 $19) 24... Ra5
25. Rfe1 (25. Ra1 Qc7 $17) 25... Bb5 26. b3 (26. Bxb5 Qxb5 $1 27. Rxe7 Qxd3 28.
cxd3 Rxd5 $17) 26... Bxc4 27. bxc4 Ra3 28. Rb3 Qc7 29. Rxa3 bxa3 30. Qxa3 Qxc4
31. Qf3 Rc7 32. Qe4 Qxe4 33. Rxe4 f5 $1 34. Re2 Kf7 35. Kg2 Rc4 36. Be3 $2 Bd4
37. gxf5 gxf5 {Short,N-Kamsky,G (02)/PCA-WchQual2 Linares ;CBM 43 1994/0-1 (52)
}) (12. Qxh5 Nxh5 13. Rad1 $10) 12... b5 $1 13. a3 a5 14. Qd3 a4 (14... b4 15.
Ne2 (15. axb4 axb4 $10 (15... Nxb4 16. Qd2 Bc6 17. e5 $14)) 15... bxa3 16. Ng3
axb2 (16... Nb4 $2 17. Nxh5 Nxd3 18. Nxf6+ Bxf6 19. cxd3 axb2 20. Ra3 $16) 17.
Nxh5 bxa1=Q 18. Rxa1 Nxh5 19. c3 $13) 15. Bd5 Nxd5 (15... e6 16. Bxc6 Bxc6 17.
Nd4 Bb7 18. f5 gxf5 19. exf5 e5 20. Ndxb5 d5 21. Bc5 Rfc8 22. Be7 d4 23. Bxf6
Bxf6 24. Ne4 Bh4 25. Nbd6 Ba6 {1-0 Garcia,Gi-Zamora,J/New York op (04) 1994})
16. exd5 (16. Nxd5 Bxb2 $2 (16... Rab8 17. Nd4 Rfe8 18. Nxc6 Bxc6 19. Nxe7+
Rxe7 20. Qxd6 Rbe8 21. Qxc6 Rxe4 $44) 17. Rab1 Bg7 18. Nb6 Ra7 19. Rxb5 $18)
16... Na5 17. Bd4 Qh6 (17... Nc4 18. Bxg7 Kxg7 19. Rfe1 Rfe8 20. Ne4 $10) 18.
Rae1 Rfe8 19. Nxb5 Rac8 20. b3 Bf5 (20... axb3 21. cxb3 $16) 21. Qd2 Rxc2 $2 (
21... Nb7 22. Bxg7 Qxg7 23. Nbd4 $16) 22. Qxa5 $18 Bxh3 23. Rf2 (23. gxh3 $2
Qxh3 24. Nd2 Qg3+ 25. Kh1 Qh3+ $10) 23... axb3 24. Bxg7 Kxg7 25. Rxc2 bxc2 26.
Qc3+ Kg8 27. gxh3 Qxf4 28. Kf2 Qa4 29. Nbd4 Ra8 30. Rxe7 Qa5 31. Qxa5 Rxa5 32.
Nxc2 Rxd5 33. a4 Ra5 34. Re4 f5 35. Rb4 Kg7 36. Ncd4 Kf6 37. Nb3 Ra7 38. a5 g5
$138 1-0

[Event "Buenos Aires Sicilian"]
[Site "Buenos Aires"]
[Date "1994.10.24"]
[Round "10"]
[White "Kamsky, Gata"]
[Black "Shirov, Alexei"]
[Result "0-1"]
[WhiteElo "2695"]
[BlackElo "2740"]
[Annotator "Shirov,A"]
[PlyCount "144"]
[EventDate "1994.10.12"]
[EventType "tourn"]
[EventRounds "14"]
[EventCountry "ARG"]
[EventCategory "18"]
[SourceTitle "CBM 044"]
[Source "ChessBase"]
[SourceDate "1995.02.01"]
[SourceVersion "1"]
[SourceVersionDate "1995.02.01"]
[SourceQuality "1"]

1. e4 c5 2. Nf3 Nc6 3. d4 cxd4 4. Nxd4 Nf6 5. Nc3 d6 6. Bg5 e6 7. Qd2 a6 8.
O-O-O h6 9. Be3 Qc7 10. f4 Bd7 11. Bd3 b5 12. Kb1 Rb8 $5 (12... Na5 13. e5 $1
dxe5 14. fxe5 Qxe5 15. Nf5 $1 exf5 16. Rhe1 Be6 17. Bb6 Qb8 18. Bxa5 Be7 19.
Ne2 O-O 20. Nd4 Ne4 21. Bxe4 fxe4 22. Nxe6 fxe6 23. Rxe4 $14) 13. Rhf1 $5 Be7 (
13... Na5 14. e5 $1 b4 15. Ne4 $1 Nxe4 16. Bxe4 Nc4 17. Qe2 $14 dxe5 18. fxe5
Nxe3 19. Qxe3 Qxe5 $2 20. Nc6 $18) 14. h3 Na5 (14... Nxd4 15. Bxd4 b4 16. Ne2
e5 17. Be3 $14) 15. e5 b4 16. exd6 $1 (16. Ne4 Nxe4 17. Bxe4 Nc4 18. Qe2 dxe5
19. fxe5 O-O) 16... Bxd6 (16... bxc3 $2 17. dxc7 Rxb2+ 18. Ka1 Nd5 19. Qc1 Ba3
20. Nb3 $1 $18) (16... Qxc3 $6 17. dxe7) (16... Qxd6 17. Ne4 Qd5 18. Nxf6+ Bxf6
19. Nb3 $16) 17. Ne4 (17. Nce2 $5 Nd5 18. Nb3) 17... Nxe4 18. Bxe4 Nc4 19. Qe2
Nxe3 20. Qxe3 O-O 21. g4 (21. Bd3 Rbe8 22. Qe4 f5 {/\ e5}) 21... Bc5 22. g5 $1
hxg5 (22... h5 23. g6 $1 $40) 23. fxg5 Rbd8 (23... e5 24. Qg3 Bxd4 25. Rxd4)
24. Qf3 $1 (24. Qe2 g6 $1 $13) (24. Bd3 Bc6 $1 25. Nxe6 Bxe3 26. Nxc7 Bg2 $13)
24... Bxd4 $1 $8 (24... g6 25. Qf6 $1) (24... f5 $2 25. g6) (24... Qe5 25. Nc6
$1 Bxc6 26. Rxd8 Bxe4 27. Qxf7+ $18) 25. Rxd4 f5 $1 (25... Bb5 $2 26. Qh5 g6
27. Bxg6 fxg6 28. Qxg6+ Qg7 29. Qxe6+ $18) 26. gxf6 $2 (26. Bd3 $1 Bc6 (26...
Bb5 27. Rxb4 (27. Rxd8 Rxd8 28. Bxb5 axb5 $13) 27... Qe7 28. Rb3 Bxd3 29. Rxd3
Qxg5 30. Qc6 $14) 27. Qe3 $1 (27. Qh5 Rxd4 28. g6 Rf7 $1 29. Rg1 $1 Qe5 30.
gxf7+ Kf8 31. Be2 Re4 $13) 27... Rxd4 28. Qxd4 a5 29. Bc4 Bd7 $14) 26... Rxf6
27. Qd1 (27. Bh7+ $5 Kh8 $8 (27... Kxh7 $2 28. Qxf6 gxf6 29. Rg1 Qxc2+ 30. Kxc2
Ba4+ 31. Kd3 $18) 28. Bg6 Rxf3 29. Rxf3 Bc8 30. Rh4+ Kg8 31. Bh7+ Kh8) 27...
Rxf1 28. Qxf1 Bb5 29. Qf2 Qb6 30. Rxd8+ Qxd8 31. b3 Qd1+ 32. Kb2 Qd6 33. Qe3
Qe5+ 34. Kb1 Kf7 $5 35. Qf2+ $6 (35. h4 $10) 35... Ke7 36. Qa7+ Bd7 37. Qe3 $6
g5 $1 $15 38. Qf3 a5 39. Qg2 Bb5 40. Qf3 Qf4 41. Qg2 (41. Qh5 $15) 41... Qf1+
$6 (41... Kf6 42. Bf3 Qe3 $15) 42. Kb2 Qxg2 $6 43. Bxg2 Kd6 44. a3 (44. c3 Ke5
(44... Kc5 45. a3) 45. a4 $1 bxa3+ 46. Kxa3 Kf4 47. c4 Bd7 48. c5 $1 e5 49. c6
Bc8 50. Ka4) 44... Ke5 45. axb4 axb4 46. c4 (46. c3 $6 Kf4 $1) 46... Ba6 47.
Kc2 Kd4 48. Kd2 e5 49. Bf3 Bc8 50. Bg4 Bb7 51. Bd7 Be4 52. Bg4 Bg6 53. Be2 e4
54. Bg4 e3+ 55. Ke1 $4 (55. Kd1 Be4 56. Bd7 Ke5 57. Bg4 Kf4 58. Bd7 $10) 55...
Bc2 $1 56. Bd1 Be4 57. Bg4 Kc3 $1 58. Ke2 (58. Bd1 Bg2 59. Ke2 Kd4 $19) 58...
Kxb3 59. Kxe3 Bg2 $1 60. Be6 (60. Kd4 Ka3 61. Ke5 b3 62. Kf6 b2 63. Bf5 Bxh3
$19) 60... Kc3 61. Kf2 (61. c5 Bc6 $1 62. Bg4 b3 63. Bf5 b2 64. Bb1 Bd7 65. Be4
Bxh3 66. c6 Bc8 67. c7 g4 68. Bg6 Kb3 $1 69. Bb1 $8 (69. Bf7+ Kc2 $19) 69...
Kc4 70. Kd2 Kc5 71. Bg6 (71. Kc3 g3 $19) 71... Kd6 72. Kc2 Kxc7 73. Kxb2 g3 74.
Be4 Bb7 $19) 61... Bc6 62. c5 Kd4 63. Kg3 Kxc5 64. Kg4 Bd5 65. Bf5 b3 66. Kxg5
Kd4 67. h4 Be4 68. Be6 b2 69. Ba2 Kc3 70. Kf4 Bh7 71. h5 Kb4 72. h6 Ka3 0-1

[Event "Buenos Aires Sicilian"]
[Site "Buenos Aires"]
[Date "1994.10.27"]
[Round "12"]
[White "Salov, Valery"]
[Black "Kamsky, Gata"]
[Result "1/2-1/2"]
[WhiteElo "2710"]
[BlackElo "2695"]
[Annotator "Donev,I"]
[PlyCount "92"]
[EventDate "1994.10.12"]
[EventType "tourn"]
[EventRounds "14"]
[EventCountry "ARG"]
[EventCategory "18"]
[SourceTitle "CBM 044"]
[Source "ChessBase"]
[SourceDate "1995.02.01"]
[SourceVersion "1"]
[SourceVersionDate "1995.02.01"]
[SourceQuality "1"]

1. e4 c5 2. Nf3 d6 3. d4 cxd4 4. Nxd4 Nf6 5. Nc3 a6 6. Be2 e6 7. O-O Be7 8. f4
Qc7 9. Kh1 {Profilaxe mit dem Ziel, den König von der gefährlichen Diagonale
g1-a7 zu entfernen. Jetzt muß Schwarz, außer dem Vorstoß e4-e5, auch mit der
positionellen Drohung f4-f5 leben. Die letztere hat das Ziel, entweder einen
schwachen Bauern e6 zu bilden oder das wichtige Feld d5 zu erobern (falls e5).}
O-O 10. Bf3 {Die folgenden zwei Varianten zeigen die wichtigste Idee -
Durchbruch e4-e5 für Weiß in dieser für das Scheveninger System typischen
Stellung.} (10. Qe1 {Eine sehr interessante Idee, die das Ziel hat, bevor der
Bc1 entwickelt ist, die Dame auf den Königsflügel (Qg3) zu bringen.} b5 11. Bf3
Bb7 12. e5 $1 dxe5 13. fxe5 Nfd7 14. Qg3 Kh8 15. Bf4 $14 {Jetzt hat Weiß ein
Tempo gespart - Bf4 war in einem Zug entwickelt statt Be3 und dann Bf4.}) (10.
Be3 b5 11. e5 $1 dxe5 12. fxe5 Nfd7 13. Nf5 exf5 14. Nd5 Qd8 15. Nxe7+ Qxe7 16.
Bf3 Nxe5 17. Bxa8 Nbc6 $14) 10... Nc6 11. Be3 (11. Nb3 Rd8 12. g4 d5 $1 13. e5
Ne4 14. Bxe4 dxe4 15. Qe2 b6 $1 16. Nxe4 Bb7 $44 {Als Kompensation für den
Bauernverlust hat Schwarz den Läuferpaarvorteil und starken Druck auf der
Diagonale a8-h1.}) (11. e5 $5 dxe5 (11... Nxd4 12. Qxd4 dxe5 13. fxe5 Bc5 14.
Qh4 (14. Qf4 Nd7 15. Ne4 Nxe5 16. Nxc5 Qxc5 17. Be3 $32 $36) 14... Qxe5 15. Bf4
Qf5 16. Rae1 $36) 12. fxe5 Nxe5 13. Bf4 Nfd7 14. Re1 Bd6 15. Ne4 $44) 11... Bd7
12. a4 Rab8 13. Qe1 Nxd4 14. Bxd4 e5 15. fxe5 dxe5 16. Qg3 Bd6 17. Be3 Be6 18.
Bg5 Be7 19. Bh6 Ne8 20. Bg4 Rd8 (20... Bc4 21. Rfd1 gxh6 22. b3 Bg5 (22... Bxb3
23. cxb3 $10) 23. bxc4 Bf4 24. Qd3 $13) 21. Bxe6 fxe6 22. Rxf8+ Bxf8 23. Bg5
Rd7 24. Qg4 Qc4 25. h3 (25. Nd5 $5) 25... Nd6 (25... Rf7 26. Rd1 Bc5 $10 {
/\27...Bd4!}) 26. Nd5 Rf7 (26... Qxc2 27. Qxe6+ (27. Ne7+ $6 Rxe7 $1 28. Bxe7
Bxe7 29. Qxe6+ Kf8 30. Rf1+ Ke8 $17) 27... Rf7 28. Ne7+ Bxe7 29. Bxe7 Nxe4 30.
Qxe5 $14) 27. Qxe6 Kh8 28. Kh2 h6 (28... Qxe4) 29. Bh4 Qxe4 30. Bg3 Qxc2 (30...
Qf5 31. Qxf5 Rxf5 32. Ne3 Rg5 33. Rd1 $14) 31. Bxe5 Qf5 32. Nf4 (32. Qxh6+ Kg8
33. Qf4 Qe6 34. Qd4 Nf5 35. Qe4 Nd6 36. Qd4 $10) 32... Qxe6 33. Nxe6 Nc4 34.
Nxf8 Nxe5 35. Re1 (35. Ne6 Nd3 36. Rd1 Rd7 $10 (36... Nxb2 37. Rd8+ Kh7 38.
Nf8+ Rxf8 39. Rxf8 Nxa4)) 35... Nf3+ 36. gxf3 Rxf8 37. Kg3 Rf6 38. b4 Rb6 39.
Re4 Kh7 40. h4 Kg6 41. Kg4 Rd6 42. a5 Kf6 43. Rf4+ Ke7 44. Rc4 Kf6 45. Rf4+ Ke7
46. Re4+ Kf6 1/2-1/2

[Event "Buenos Aires Sicilian"]
[Site "Buenos Aires"]
[Date "1994.10.30"]
[Round "14"]
[White "Kamsky, Gata"]
[Black "Ljubojevic, Ljubomir"]
[Result "1-0"]
[WhiteElo "2695"]
[BlackElo "2580"]
[Annotator "Boensch,U"]
[PlyCount "85"]
[EventDate "1994.10.12"]
[EventType "tourn"]
[EventRounds "14"]
[EventCountry "ARG"]
[EventCategory "18"]
[SourceTitle "CBM 044"]
[Source "ChessBase"]
[SourceDate "1995.02.01"]
[SourceVersion "1"]
[SourceVersionDate "1995.02.01"]
[SourceQuality "1"]

1. e4 c5 2. Nf3 d6 3. d4 cxd4 4. Nxd4 Nf6 5. Nc3 a6 6. Bg5 e6 7. f4 Qb6 8. Nb3
Nbd7 9. Qf3 Qc7 10. O-O-O b5 11. Bd3 (11. a3 $5 Rb8 12. Bxf6 Nxf6 13. Rd4 Be7
14. Be2 O-O 15. g4 e5 16. Nd5 Nxd5 17. Rxd5 b4 18. a4 Bb7 $17 {Bakalarz,
L-Loginov,V Wisla BES (05) 1992 0-1 51}) 11... Bb7 12. a3 Be7 13. Rhe1 h6 (
13... O-O-O $5 14. f5 e5 15. Bxf6 Nxf6 16. Nd5 Nxd5 17. exd5 Kb8 18. g3 Rc8 19.
h4 Bf6 20. Kb1 Qb6 $15 {Norgaard,J-Novikov,I Copenhagen op (05) 1991 0-1 50})
14. Qh3 Rc8 (14... O-O-O $5 $14) 15. Nd4 Qb6 16. Nxe6 $5 fxe6 17. e5 dxe5 18.
Bg6+ Kd8 19. fxe5 Nd5 20. Bxe7+ Nxe7 (20... Kxe7 $2 21. Qh4+ Kf8 22. Rf1+ Kg8
23. Bf7+ Kh7 24. Qe4+ g6 25. Qxg6#) 21. Bf7 Rxc3 $1 (21... Nf5 $2 22. g4 Ne7
23. Rd6 Rc6 (23... Qf2 24. Rf1 Rxc3 25. bxc3 Qg2 26. Qxg2 Bxg2 27. Rfd1 Bd5 28.
Bxe6 $18) 24. Red1 $40) 22. Qxc3 $44 Bd5 23. Bh5 Rf8 24. Bf3 Qc7 (24... Bxf3
25. gxf3 Nd5 26. Rxd5 exd5 27. e6 Re8 28. exd7 (28. Qxg7 $2 Rxe6 29. Qg8+ Ke7
30. Qg7+ Kd6 $19) 28... Rxe1+ 29. Qxe1 Kxd7 $10) 25. Qb4 g5 26. Qd6 Rxf3 $1 27.
gxf3 (27. Qxc7+ Kxc7 28. gxf3 Ng6 $17) 27... Qxd6 28. exd6 Nf5 29. Rd3 a5 $2 (
29... Nxd6 30. Rxe6 Bxe6 31. Rxd6 Ke7 32. Rxa6 Ne5 $17) 30. b3 a4 $2 (30...
Nxd6 $17) 31. Kb2 Nb6 $2 (31... Nxd6 $17) 32. Kc3 Kd7 33. Kb4 Bc6 $2 (33...
Nxd6 $10) 34. Kc5 Nd5 35. Rxe6 $1 axb3 36. cxb3 Kxe6 $4 (36... Nf4 37. Ree3
Nxd3+ 38. Rxd3 $14) 37. Kxc6 $18 Nf4 38. Rd2 Ng6 39. d7 Ne5+ 40. Kc7 Nxd7 41.
Rxd7 Ke5 42. a4 bxa4 43. bxa4 1-0

[Event "Candidates FIDE f2"]
[Site "Sanghi Nagar"]
[Date "1995.??.??"]
[Round "4"]
[White "Salov, Valery"]
[Black "Kamsky, Gata"]
[Result "1/2-1/2"]
[WhiteElo "2715"]
[BlackElo "2710"]
[Annotator "Ftacnik,L"]
[PlyCount "213"]
[EventDate "1995.02.??"]
[EventType "match"]
[EventRounds "7"]
[EventCountry "IND"]
[SourceTitle "CBM 045"]
[Source "ChessBase"]
[SourceDate "1995.04.01"]
[SourceVersion "1"]
[SourceVersionDate "1995.04.01"]
[SourceQuality "1"]

1. d4 Nf6 2. c4 e6 3. Nc3 Bb4 4. Qc2 O-O 5. a3 Bxc3+ 6. Qxc3 b6 7. Bg5 c5 8.
dxc5 bxc5 9. e3 d6 10. Bd3 Nbd7 11. Ne2 Rb8 (11... Bb7 12. O-O a5 13. Qc2 $1 h6
14. Bh4 a4 15. Nc3 $14 Qb6 16. Rfd1 Qc6 17. Bf1 Rfb8 18. Bg3 Ne8 19. Rd2 Nb6
20. f3 Rc8 21. e4 Ba6 22. Nd1 Rcb8 23. Ne3 Nc8 24. e5 $1 $16 {Foisor,O-Smagin,
S/Nimes/1991/1-0 (41)}) (11... a5 $5 12. O-O Rb8 13. Rad1 Qb6 14. Rd2 Ba6 15.
Rfd1 d5 16. cxd5 Nxd5 17. Qc2 Bxd3 18. Qxd3 Ne5 19. Qe4 Ng6 $5 20. Qc2 $6 h6
21. Bf4 Ngxf4 22. exf4 f5 $1 $10 {Gurevich,M-Salov,V/France/1993/0.5 (42)}) 12.
O-O (12. Rd1 $5 Qb6 13. Rd2 Ba6 14. Bf4 $1 $14 (14. Nc1 h6 15. Bf4 Ne8 16. O-O
$14 {Amura,C-Demina,J/Manila olm/1992/}) 14... e5 15. Bg3 Qc6 16. O-O Rb6 17.
Nc1 Bb7 18. f3 e4 $2 19. Bb1 $16 {Lautier,J-Timman,J/Wijk aan Zee (m/2)/1994/
0-1 (63)}) 12... Qb6 13. Rfb1 (13. Rab1 Bb7 14. Qc2 h6 15. Bh4 Qc6 16. f3 Qc7
17. Nc3 a6 18. e4 e5 19. b4 Nh5 20. b5 Nf4 21. a4 a5 22. Nd1 Ne6 23. Ne3 Nd4
24. Qd2 $14 {Savchenko,S-Savon,V/Moscow7 op/1991/1-0 (80)}) 13... a5 14. b3 Bb7
15. f3 Rfe8 16. Bh4 (16. Bf4 e5 17. Bg3 e4 $1 $132) 16... d5 17. Bf2 (17. cxd5
exd5 {xe3} (17... Nxd5 18. Qd2 c4 19. bxc4 Qxe3+ 20. Qxe3 Nxe3 21. Bf2 Ne5 $13)
) 17... Ba6 18. Qc2 a4 $1 (18... Ne5 19. Bg3 $1) (18... Rb7 19. Nc3 $1) 19.
bxa4 Qc6 20. Nc3 (20. cxd5 exd5 21. Bxa6 Qxa6 22. Nc3 Ne5 $44) 20... dxc4 (
20... Bxc4 21. Bxc4 dxc4 22. Nb5 $14) 21. Bf1 Nd5 22. Nb5 $1 (22. e4 Nxc3 23.
Qxc3 Qxa4) 22... N5b6 (22... Bxb5 23. axb5 Rxb5 24. Rxb5 Qxb5 25. Bxc4 $14) 23.
e4 Rb7 (23... Nxa4 $2 24. Na7 $1 Qc7 25. Qxa4 Qxa7 26. Bxc4 $18) 24. Bg3 (24.
Bxc4 Nxc4 25. Qxc4 Reb8 26. Bg3 e5 $10) 24... Nxa4 25. Nd6 Rxb1 26. Rxb1 Ra8
27. Nxc4 Nab6 28. Nxb6 (28. Na5 Qc8 $13) 28... Nxb6 29. Bxa6 Rxa6 30. Bf2 Nd7 (
30... c4 31. Rb4 $16) (30... Ra5 31. Qc3 Rb5 32. Rd1 $14) 31. Qxc5 Qxc5 32.
Bxc5 f5 $1 (32... Nxc5 $4 33. Rb8#) 33. Bb4 fxe4 34. fxe4 Nf6 35. e5 (35. Re1
Rc6 $132) 35... Nd5 36. Bd6 Kf7 37. Kf2 Kg6 38. Rb7 Ra4 39. Ke2 h5 (39... Nf4+
40. Kf3) 40. Bf8 Kf5 41. Rxg7 (41. Bxg7 Rxa3 $14) 41... Kxe5 42. Kd3 (42. Rg5+
Ke4 43. Bd6 Ra6) 42... Rd4+ 43. Kc2 Rc4+ 44. Kb3 Rc3+ 45. Kb2 Rc8 46. Bb4 (46.
Rg8 Ke4 $132) 46... Kd4 47. g4 (47. Rh7 Ne3 48. Rxh5 Nxg2 $16) 47... hxg4 48.
Rxg4+ Kd3 49. Bd6 $2 (49. Rg3+ Ke4 50. h4 $16) 49... Ne3 50. Rg3 Ke4 (50...
Rc2+ 51. Kb3 Rxh2 $2 52. Rxe3+ Kxe3 53. Bxh2 Kd4 54. Kb4 Kd5 55. Kb5 e5 56. a4
Kd6 57. Kb6 $18) 51. Bb4 (51. Kb3 Nf5 52. Rg4+ Kf3 53. Rf4+ Ke3 54. Be5 Rc5)
51... Rc2+ 52. Kb3 Rxh2 53. a4 Nf5 54. Rc3 Nd4+ 55. Kc4 Ra2 56. Ba3 (56. Ra3
Rc2+ 57. Bc3 Ne2 58. a5 Nxc3 59. Rxc3 Ra2 60. Kb5 e5 $10) 56... Nc2 57. Bc5 Nd4
(57... Rxa4+ 58. Kb3 Ra8 $10) 58. Ba3 Nc2 59. Bc1 Rxa4+ 60. Kb3 Rd4 61. Kxc2 e5
62. Rh3 Rd5 63. Bd2 Kf5 64. Kd1 e4 65. Ke2 Rd3 66. Rh5+ Ke6 67. Be3 Ra3 68. Bd4
Rb3 69. Re5+ Kd6 70. Rxe4 Kd5 71. Rh4 Rb1 72. Be3 Ke5 73. Kf3 Rd1 74. Rh5+ Ke6
75. Ke4 Re1 76. Rh6+ Ke7 77. Ra6 Re2 78. Kd4 Kf7 79. Bf4 Re6 80. Ra1 Rb6 81.
Rh1 Rb5 82. Rh7+ Ke6 83. Rh6+ Kd7 84. Bd6 Rb1 85. Bc5 Rd1+ 86. Ke5 Re1+ 87. Kd5
Rd1+ 88. Bd4 Kd8 89. Rh7 Rd2 90. Ke5 Kc8 91. Rh1 Kd7 92. Kd5 Kd8 93. Ra1 Kd7
94. Ra7+ Kd8 95. Ke5 Kc8 96. Be3 Rd7 97. Ra3 Rd1 98. Ke6 Kb7 99. Rc3 Rd8 100.
Bc5 Rd1 101. Rc4 Kc6 102. Bd4+ Kb5 103. Kd5 Rh1 104. Rc5+ Kb4 105. Bc3+ Kb3
106. Be5 Kb4 107. Rc4+ 1/2-1/2

[Event "Candidates FIDE f2"]
[Site "Sanghi Nagar"]
[Date "1995.??.??"]
[Round "6"]
[White "Salov, Valery"]
[Black "Kamsky, Gata"]
[Result "0-1"]
[WhiteElo "2715"]
[BlackElo "2710"]
[Annotator "Ftacnik,L"]
[PlyCount "152"]
[EventDate "1995.02.??"]
[EventType "match"]
[EventRounds "7"]
[EventCountry "IND"]
[SourceTitle "CBM 045"]
[Source "ChessBase"]
[SourceDate "1995.04.01"]
[SourceVersion "1"]
[SourceVersionDate "1995.04.01"]
[SourceQuality "1"]

1. d4 Nf6 2. c4 e6 3. Nc3 Bb4 4. Qc2 O-O 5. a3 Bxc3+ 6. Qxc3 b6 7. Bg5 c5 8.
dxc5 bxc5 9. e3 d6 10. Bd3 Nbd7 11. Ne2 Rb8 (11... h6 12. Bh4 Rb8 13. Bg3 Qb6 (
13... Rb6 $6 14. O-O Nh5 15. b4 $1 Nxg3 16. hxg3 Qf6 17. b5 Qxc3 18. Nxc3 Rd8
19. Rfd1 Kf8 20. Rd2 Ke7 21. Rad1 Rb8 22. Bf1 $1 Nf6 23. a4 a5 24. Be2 $16 {
Sokolov,I-Salov,V/Madrid/1994/1-0 (56)}) 14. O-O (14. O-O-O Ne5 15. Bxe5 dxe5
16. f3 e4 17. Bxe4 Nxe4 18. fxe4 e5 19. Rd2 Be6 20. Rhd1 Qa6 21. Rd6 Qb7 22.
R1d2 Qxe4 23. Ng3 Qxc4 24. Qxc4 {Gurevich,M-Akesson,R/Antwerpen op (6)/1994/
0-1 (64)}) 14... Nh5 $1 15. Rab1 Nxg3 16. hxg3 Ne5 17. Bc2 Ba6 18. b3 Qc7 19.
Rfe1 Bb7 20. Rbd1 Rfd8 21. Nf4 Qe7 22. Nd3 Ng4 23. f3 Nf6 24. Nf2 {Sokolov,
I-Kamsky,G/Madrid/1994/0.5 (61)}) 12. O-O h6 13. Bh4 Ne4 $5 14. Bxd8 (14. Bxe4
Qxh4 15. Bc2 $10) (14. Qxg7+ Kxg7 15. Bxd8 Rxd8 16. Bxe4 Rxb2 $15) 14... Nxc3
15. Be7 $6 (15. Nxc3 $5 Rxd8 16. Rab1 Ne5 17. Be2 $10) 15... Nxe2+ 16. Bxe2 Re8
17. Bxd6 Rxb2 18. Rfe1 Ba6 19. Bf1 Rc8 20. Bg3 (20. Reb1 Rxb1 21. Rxb1 Nb6 (
21... e5 22. f4 f6 23. g3 {/\ Bh3}) 22. Rc1 f6 23. h3 (23. Bg3 Rd8 $17) 23...
e5 24. f4 Kf7 25. fxe5 Ke6 $17) 20... Nb6 21. Rec1 Rd8 22. Be5 Rb3 23. a4 f6
24. a5 (24. Bc7 Rd2 25. Bxb6 Rxb6 26. Rd1 Rbb2 $17) 24... Nc8 (24... fxe5 25.
axb6 Rxb6 26. Ra5 $10) 25. Bc3 Nd6 26. Be1 Kf7 27. Be2 Ke7 (27... e5 28. h4 Ke6
$17) 28. Kf1 Rdb8 29. h3 e5 30. Kg1 Rb2 31. Bd3 Ke6 32. h4 g5 $1 33. hxg5 hxg5
34. Bf1 (34. f3 $6 R2b3 {xe3}) 34... g4 35. Bc3 R2b3 36. Be2 f5 37. Be1 (37.
Ra4 Rb1 38. Ra1 Rxc1+ 39. Rxc1 Bxc4 $19) 37... Rb2 38. Bd3 R2b3 39. Be2 Rb2 40.
Bd3 Rh8 41. Rcb1 (41. Ra3 $5) 41... Rbb8 42. Rxb8 (42. Rc1 Rh7 $17) 42... Rxb8
43. Rc1 Rb3 44. Bc2 (44. Be2 Ra3 $19) 44... Ra3 45. e4 $1 (45. Bd1 e4 (45...
Bxc4 46. e4 fxe4 (46... Nxe4 47. Rxc4 Ra1 48. Rxe4 $1) 47. Bxg4+ Kd5 $17) 46.
Be2 Ra4 $19) 45... fxe4 46. Bd1 Kf5 47. Be2 Ra2 48. Kf1 Ra4 49. Rd1 Nxc4 50.
Rc1 (50. Bxc4 Bxc4+ 51. Kg1 Bd3 $19) 50... Bb5 51. Kg1 (51. Bxc4 Bxc4+ 52. Kg1
Bd3 53. Rxc5 $2 Ra1 $19) 51... a6 52. Kh2 (52. Bxc4 Rxc4 $1 (52... Bxc4 53. Kh2
Ke6 54. Kg3 Kd5 55. Kxg4 $132) 53. Rxc4 Bxc4 54. Bd2 (54. Bc3 Be2 55. Kh2 e3
56. fxe3 Ke4 57. Kg3 Kxe3 58. Bxe5 c4 59. Bf4+ Kd3 60. Kf2 c3 61. Ke1 c2 62.
Kf2 Bd1 63. Ke1 Kc3 64. Be5+ Kb4 65. Kd2 Kxa5 $19) 54... Be2 55. Kh2 Ke6 56.
Kg3 Kd5 57. Bc3 Kc4 58. Bxe5 Kd3 59. Kf4 c4 60. Bb2 c3 61. Ba3 c2 62. Bc1 Bf1
63. g3 Be2 64. Ke5 Bf3 65. Kf4 Ke2 $19) 52... Nb2 53. Rc2 (53. Bxb5 axb5 54.
Rxc5 Nd3 $19) 53... Nd3 (53... Bxe2 54. Rxb2 Bd3 $17) 54. Bd2 (54. Bxd3 exd3
55. Rxc5 Re4 56. Bc3 Ke6 57. Kg3 Re2 58. Rc8 d2 59. Rd8 Bd7 $19) 54... Nxf2 55.
Be3 (55. Bxb5 axb5 56. Rxc5 g3+ $1 57. Kxg3 (57. Kg1 Nd3 $19) 57... e3 58. Bxe3
Ne4+ $19) 55... Nd3 56. Kg3 (56. Bxc5 Nxc5 57. Bxb5 axb5 58. Rxc5 Rxa5 $19) (
56. Bxd3 exd3 57. Rxc5 Re4 $19) 56... Ra3 57. Bxg4+ (57. Bxd3 exd3 58. Rxc5 d2
$19) 57... Kg6 58. Bd2 Nb4+ 59. Rc3 Ra2 60. Bc1 (60. Be3 Nd5 $19) (60. Be1 Nd3
$19) 60... c4 61. Be6 Nd3 62. Bxc4 (62. Be3 Re2 63. Bb6 Nf4 64. Bxc4 Rxg2+ 65.
Kh4 Kf5 $19) 62... Bxc4 63. Rxc4 Kf5 64. Rc8 Ne1 (64... Nxc1 65. Rxc1 Rxa5 $19)
65. Rf8+ Ke6 66. Re8+ Kd7 67. Ra8 (67. Rxe5 Nd3 68. Rxe4 Nxc1 69. Rd4+ Ke6 70.
Rc4 Ne2+ 71. Kf3 Kd5 $19) 67... Rxg2+ 68. Kh3 Rc2 69. Bh6 e3 $1 70. Ra7+ Ke6
71. Bxe3 Rc3 72. Kg4 (72. Rxa6+ Kf5 73. Ra8 Rxe3+ $19) 72... Rxe3 73. Rxa6+ Kd5
74. Ra8 Ke4 $1 75. a6 Ra3 76. a7 Nf3 (76... Nf3 77. Kh5 Nd4 78. Kg4 Nc6 $18)
0-1